Lišajníky, machorasty a cievnaté rastliny Zoborských vrchov venované pamiatke neúnavnej terénnej botaničky RNDr. Zdenky Svobodovej, CSc.

Bibliographic Details
Main Authors: Svobodová, Zdenka, 1927-2001 (Author), Ulrych, Libor (Author), Kubinská, Anna, 1949-2017 (Author), Lackovičová, Anna, 1949- (Author)
Other Authors: Řehořek, Vladimír, 1933-2021 (Editor)
Format: Book
Language:Slovak
PhysicalDescription:162 s. 25 cm
Published: Nitra Slovenská poľnohospodárska univerzita 2007
ISBN:9788080698973 (brož.)
Edition:1. vyd.
Series:Genotyp
Subjects:

MARC

LEADER 00000nam a2200000 a 4500
001 vtls009089084
003 SK-MaSNL
005 20260301045557.0
008 251104s2007 xo f 010 0 slo
015 |a SNBA2007/09-04253 
020 |a 9788080698973 (brož.) 
035 |a D25E05D0-4ED2-4F60-9F3B-3E9684B3C4F0 
035 |a urn:nbn:sk:snk-aml8mg 
035 |a urn:nbn:sk:snk-am008skj 
040 |a SNK  |b slo  |c SNK  |e AACR2 
041 0 |a slo 
043 |a e-xo--- 
044 |a xo  |c SK 
072 7 |a 58  |x Botanika  |2 konspekt 
080 |a 582.29  |2 2001 
080 |a 582.32  |2 2001 
080 |a 582.35/.99  |2 2001 
080 |a (048.8)  |2 2001 
080 |a (437.6)  |2 2001 
080 |a 581.9  |2 2001 
245 0 0 |a Lišajníky, machorasty a cievnaté rastliny Zoborských vrchov  |b venované pamiatke neúnavnej terénnej botaničky RNDr. Zdenky Svobodovej, CSc.  |c Vladimír Řehořek (ed.) 
250 |a 1. vyd. 
260 |a Nitra  |b Slovenská poľnohospodárska univerzita  |c 2007 
300 |a 162 s.  |c 25 cm 
366 |e 400 výtl. 
490 1 |a Genotyp 
504 |a Bibliogr. s. 150-160 
650 0 7 |a flóra  |2 SNKPH  |9 85117 
650 0 7 |a lišajníky  |2 SNKPH  |9 3713 
650 0 7 |a machorasty  |2 SNKPH  |9 20309 
650 0 7 |a cievnaté rastliny  |2 SNKPH  |9 3629 
650 0 7 |a lichenológia  |2 SNKPHeng  |9 92410 
650 0 7 |a Bryophytes  |2 SNKPHeng  |9 308252 
650 0 7 |a Vascular plants  |2 SNKPHeng  |9 313787 
651 7 |a Zoborské vrchy (Tribeč, Slovensko)  |2 SNKPH  |9 353824 
655 7 |a monografie  |2 SNKPH  |9 70139 
655 7 |a Monographs  |2 SNKPHeng  |9 120675 
700 1 |a Řehořek, Vladimír,  |d 1933-2021  |4 edt  |9 38052 
700 1 |a Svobodová, Zdenka,  |d 1927-2001  |4 aut  |4 hnr 
700 1 |a Ulrych, Libor  |4 aut  |9 353825 
700 1 |a Kubinská, Anna,  |d 1949-2017  |4 aut  |9 7170 
700 1 |a Lackovičová, Anna,  |d 1949-  |4 aut  |9 38053 
810 2 |a Slovenská poľnohospodárska univerzita v Nitre  |t Genotyp  |9 353826 
919 |a 978-80-8069-897-3 
958 |a OND 
958 |a NB 
968 |d 56/59 
999 |c 598813  |d 600743 
952 |a SNK  |b SNK  |y PREZ  |7 0  |p 17A0561494  |o snkSC 129086  |i snk2007/19513  |8 0  |0 0  |1 0  |4 0  |d 2007-08-24  |f 1  |l 0  |r 2025-06-18 00:00:00  |w 2026-02-23 
952 |a SNK  |b SNK  |y VYP  |7 0  |p 17A0561510  |o snkSC 129086 D1  |i snk2007/19514  |8 0  |0 0  |1 0  |4 0  |d 2007-08-24  |l 0  |r 2026-02-23 15:47:10  |w 2026-02-23